000 00330nam a22001337a 4500
008 170919b xxu||||| |||| 00| 0 eng d
020 _a0198173628
041 _aeng
080 _a7
100 _a44
101 _aART
245 _aCATALOGUE OF THE DRAWINGS BY INIGO JONES, JOHN WEBB & ISAAC DE CAUS
_cHARRIS,J
942 _2udc
_cBK
999 _c28367
_d28367